000 01205nam a2200325 i 4500
001 000016311
003 DO-SdBNP
005 20251125094744.0
007 ta
008 100303s1980 dr a 001 0 spa d
040 _aDO-SdBNP
_bspa
_cBNPHU
_erda
041 _aspa
082 4 _a658.0018
_bM294i 1980
_222
245 0 0 _aManual del investigador en administración :
_bmetodología para la preparación de trabajos y manuales /
_cprólogo, Luis A. Canela.
250 _aCuarta edición
264 4 _aSanto Domingo, República Dominicana :
_bONAP,
_c©1980.
300 _ax, 313 páginas :
_bilustraciones ;
_c24 cm.
336 _atexto
_btxt
_2rdacontent
337 _asin mediación
_bn
_2rdamedia
338 _avolumen
_bnc
_2rdacarrier
490 0 _aColección Manuales técnicos
_v1
500 _aIncluye notas al pie de páginas
504 _aBibliografía: páginas [p. 313]
590 _aInventariado, 2022 / DG
650 4 _aInvestigaciones
_xMetodología
_937127
700 1 _aCanela, Luis A.
_eprologuista
_983772
_4pr.
710 1 _aRepública Dominicana.
_bOficina Nacional de Administración y Personal
_926398
910 _aDG. Validado. Control de Calidad/MAA
942 _2ddc
_cLBS1
999 _c15846
_d15846